[Event "Tournoi francophone 018H"]
[Site "Skype"]
[Date "????.??.??"]
[Round "7.3"]
[White "Cassano, Mariangela"]
[Black "Schnell, Nicolas"]
[Result "0-1"]
[WhiteElo "1000"]
[BlackElo "1043"]
[PlyCount "52"]

1. d4 e6 2. e4 Be7 3. Bd3 d5 4. c4 Bb4+ 5. Nc3 Nc6 6. Nf3 Nf6 7. O-O dxc4 8.
Bxc4 e5 9. d5 Ne7 10. a3 Bd6 11. Nb5 Bc5 12. Be3 Qd7 13. Bxc5 O-O 14. Nxe5 Qd8
15. Nf3 Nxe4 16. Be3 Re8 17. Bd3 Nf6 18. Nc3 Ng4 19. h3 Nxe3 20. Qd2 N7xd5 21.
fxe3 Rxe3 22. Qxe3 Nxe3 23. Rfe1 Qxd3 24. Nb5 Qxb5 25. Nd4 Qxb2 26. Nb5 Qxg2#
0-1

[Event "Tournoi francophone 018H"]
[Site "Skype"]
[Date "????.??.??"]
[Round "7.4"]
[White "Radice, Marco"]
[Black "Esformes, Jacques"]
[Result "1-0"]
[WhiteElo "1034"]
[BlackElo "1073"]
[PlyCount "111"]

1. d4 Nf6 2. Nf3 e6 3. Bf4 a5 4. e3 Nd5 5. Bg5 Be7 6. Bxe7 Nxe7 7. Bd3 Nbc6 8.
c4 Nb4 9. Be4 O-O 10. O-O d5 11. Bxh7+ Kxh7 12. Ng5+ Kg8 13. Qh5 Re8 14. Qh7+
Kf8 15. Qh8+ Ng8 16. Nh7+ Ke7 17. Qxg7 Nc2 18. Qg5+ Kd6 19. Qf4+ Kc6 20. cxd5+
exd5 21. Rc1 Kb6 22. Rxc2 Re4 23. Qxf7 Be6 24. Qg6 Qe8 25. Qxe8 Rxe8 26. Nc3
Rh4 27. Ng5 Nf6 28. Nxe6 Rxe6 29. Na4+ Ka7 30. Rxc7 Rc6 31. Rxc6 bxc6 32. Rc1
Kb7 33. Nc5+ Kb6 34. a3 Rh7 35. Na4+ Kc7 36. b4 Ne4 37. b5 Kd6 38. bxc6 Rc7 39.
Nc3 Rxc6 40. Nxe4+ Kc7 41. Rxc6+ Kxc6 42. Nc3 Kd6 43. h4 Ke6 44. e4 dxe4 45.
Nxe4 Kd5 46. f3 Kxd4 47. h5 Kc4 48. h6 Kb3 49. h7 Kxa3 50. h8=Q a4 51. Qf8+ Ka2
52. g4 a3 53. g5 Kb3 54. Nd2+ Kc2 55. Qxa3 Kxd2 56. g6 1-0

[Event "Tournoi francophone 018H"]
[Site "Skype"]
[Date "????.??.??"]
[Round "7.5"]
[White "Pilon, Sabrina"]
[Black "Soubrier, Laure"]
[Result "1-0"]
[WhiteElo "1000"]
[BlackElo "1000"]
[PlyCount "61"]

1. e4 d6 2. Nf3 e5 3. d4 Nc6 4. Bc4 Nf6 5. Nc3 Bg4 6. Be3 exd4 7. Bxd4 Nxd4 8.
Qxd4 c5 9. Qd3 Be7 10. h3 Be6 11. O-O-O Nh5 12. Bb5+ Bd7 13. Qe3 a6 14. Bc4 h6
15. g4 b5 16. Bd5 Rb8 17. gxh5 b4 18. Ne2 Qa5 19. Kb1 Bf6 20. e5 dxe5 21. Nxe5
Bxe5 22. Qxe5+ Kd8 23. Qxb8+ Bc8 24. Bb7+ Ke7 25. Bxc8 Kf6 26. h4 Re8 27. Qd6+
Re6 28. Bxe6 fxe6 29. Ng3 c4 30. Qf8+ Ke5 31. Rhe1# 1-0

[Event "Tournoi francophone 018H"]
[Site "Skype"]
[Date "????.??.??"]
[Round "8.1"]
[White "Wildt, Gerti"]
[Black "Soubrier, Laure"]
[Result "0-1"]
[WhiteElo "1000"]
[BlackElo "1000"]
[PlyCount "168"]

1. e4 e5 2. Nf3 Nc6 3. Bc4 Bc5 4. O-O Nf6 5. Re1 d6 6. c3 O-O 7. d4 exd4 8.
cxd4 Bb6 9. d5 Ng4 10. Qe2 Bxf2+ 11. Kf1 Bxe1 12. Qxe1 Nge5 13. Nxe5 Nxe5 14.
Be2 Bg4 15. Bf4 Bxe2+ 16. Qxe2 Ng6 17. Bg3 Qf6+ 18. Ke1 Ne5 19. Nc3 a6 20. Kd2
b5 21. Rf1 Nc4+ 22. Kc2 Qe7 23. a4 b4 24. Qxc4 bxc3 25. Qxc3 Qxe4+ 26. Kc1 Qxg2
27. Qd3 Qh3 28. Rf2 Qg4 29. Kc2 Qxa4+ 30. b3 Qb5 31. Qc3 Qc5 32. Re2 Qxc3+ 33.
Kxc3 a5 34. Re7 Rac8 35. h3 h5 36. h4 f5 37. Bf4 Kh7 38. Re3 g6 39. Kc4 Kg7 40.
Kb5 Kf7 41. Kxa5 Rfe8 42. Rc3 Re4 43. Bg5 Re5 44. Rc6 Rxd5+ 45. Ka6 Rd3 46. Kb7
Re8 47. Rxc7+ Ke6 48. b4 Rb3 49. Rg7 Rxb4+ 50. Kc6 Rc8+ 51. Rc7 Rxc7+ 52. Kxc7
d5 53. Kd8 Kf7 54. Kd7 d4 55. Kd6 d3 56. Ke5 d2 57. Bxd2 Rxh4 58. Bg5 Re4+ 59.
Kd5 Re1 60. Kd4 Ke6 61. Kd3 Rg1 62. Bf4 Kd5 63. Ke3 h4 64. Kf3 h3 65. Kf2 Ra1
66. Kg3 Ra3+ 67. Kh4 Ke4 68. Bd6 Rd3 69. Bc7 Rd2 70. Kxh3 Kf3 71. Kh4 f4 72.
Kg5 Rg2+ 73. Kf6 g5 74. Kf5 Ke3 75. Bb6+ Kf3 76. Bc7 Ke3 77. Bb6+ Ke2 78. Bc5
f3 79. Bd4 f2 80. Bxf2 Kxf2 81. Kg6 g4 82. Kh5 g3 83. Kh4 Rh2+ 84. Kg4 g2 0-1

[Event "Tournoi francophone 018H"]
[Site "Skype"]
[Date "????.??.??"]
[Round "8.2"]
[White "Esformes, Jacques"]
[Black "Pilon, Sabrina"]
[Result "0-1"]
[WhiteElo "1073"]
[BlackElo "1000"]
[PlyCount "56"]

1. c4 Nf6 2. Nc3 g6 3. d4 Bg7 4. f3 d6 5. Bg5 O-O 6. Bxf6 Bxf6 7. e3 Nd7 8. Bd3
Re8 9. Nge2 e5 10. Qc2 Bg5 11. f4 Bh6 12. dxe5 dxe5 13. g3 Nc5 14. O-O-O f5 15.
b4 Nxd3+ 16. Rxd3 Qe7 17. Nd4 exd4 18. Rxd4 Qxe3+ 19. Kb2 Qxd4 20. Kb3 Be6 21.
Nb5 Qd7 22. Rd1 Qxb5 23. Rd4 c5 24. a4 Qxb4+ 25. Ka2 cxd4 26. Qb2 Bxc4+ 27. Kb1
Re1+ 28. Kc2 d3# 0-1

[Event "Tournoi francophone 018H"]
[Site "Skype"]
[Date "????.??.??"]
[Round "8.3"]
[White "Schnell, Nicolas"]
[Black "Radice, Marco"]
[Result "0-1"]
[WhiteElo "1043"]
[BlackElo "1034"]
[PlyCount "72"]

1. e4 c5 2. Nc3 d6 3. Nf3 Nf6 4. Bc4 e6 5. d4 cxd4 6. Qxd4 Nc6 7. Bb5 a6 8. Ba4
b5 9. Qd2 bxa4 10. a3 Be7 11. b4 O-O 12. Bb2 Bb7 13. O-O Ne5 14. Qf4 Nc4 15.
Bc1 Rc8 16. Qg3 Nxe4 17. Nxe4 Bxe4 18. Bh6 Bg6 19. Bf4 Bf6 20. Rae1 Bxc2 21.
Bh6 Bd3 22. Nh4 Kh8 23. Bf4 Bxf1 24. Rxf1 Bxh4 25. Qc3 Ne5 26. Qb2 Nd3 27. Qd2
Nxf4 28. Qxf4 Rc3 29. g3 Bg5 30. Qg4 Rxa3 31. f4 Qb6+ 32. Kh1 Bf6 33. f5 Bd4
34. fxe6 Qb7+ 35. Rf3 Rxf3 36. e7 Rxg3+ 0-1

[Event "Tournoi francophone 018H"]
[Site "Skype"]
[Date "????.??.??"]
[Round "8.4"]
[White "Gagnon, Sindy"]
[Black "Cassano, Mariangela"]
[Result "1-0"]
[WhiteElo "1000"]
[BlackElo "1000"]
[PlyCount "83"]

1. e4 e5 2. Nf3 Nf6 3. d3 Be7 4. Be2 d6 5. c4 c5 6. O-O b6 7. Nc3 Bb7 8. a3
Nbd7 9. b3 O-O 10. Bb2 Qc7 11. Nb5 Qc6 12. d4 d5 13. exd5 Qc8 14. dxc5 Bxc5 15.
a4 e4 16. Nd2 Re8 17. Na3 Ba6 18. b4 Bxb4 19. Qb3 Bd6 20. f3 Nc5 21. Qd1 Qc7
22. fxe4 Bxh2+ 23. Kf2 Nfxe4+ 24. Nxe4 Nxe4+ 25. Kf3 Ng5+ 26. Kg4 h5+ 27. Kxg5
f6+ 28. Kxh5 g6+ 29. Kxg6 Rf8 30. Bxf6 Qd8 31. Qd4 Bc7 32. Bxd8 Bxd8 33. Rh1
Rf2 34. Bd3 Rxg2+ 35. Kf5 Bc8+ 36. Ke5 Bc7+ 37. d6 Bd8 38. Raf1 Bb7 39. Nc2
Rg5+ 40. Bf5 Bxh1 41. Rxh1 Rg2 42. Ne1 1-0

[Event "Tournoi francophone 018H"]
[Site "Skype"]
[Date "????.??.??"]
[Round "8.5"]
[White "Dida, Brahim"]
[Black "Trapletti, Cosetta"]
[Result "0-1"]
[WhiteElo "1000"]
[BlackElo "1163"]
[PlyCount "64"]

1. d4 d5 2. Bf4 Bf5 3. Nc3 e6 4. Nb5 c6 5. Nc7+ Ke7 6. Nxa8 Nd7 7. c3 Qxa8 8.
e3 Ngf6 9. Nf3 g6 10. Bd3 Ne4 11. O-O b5 12. Nh4 g5 13. Nxf5+ exf5 14. Bxg5+
Nxg5 15. Bxf5 Nf6 16. h3 Qb8 17. Re1 b4 18. Qa4 c5 19. dxc5 Qe5 20. Qxa7+ Nd7
21. Bxd7 Bh6 22. Bc6+ Kf6 23. Rad1 bxc3 24. bxc3 Qxc3 25. Rxd5 Qxe1+ 26. Kh2
Qxf2 27. Rd6+ Ke5 28. Rd5+ Ke6 29. Qd7+ Kf6 30. Qf5+ Qxf5 31. Rxf5+ Kxf5 32.
e4+ Nxe4 0-1

[Event "Tournoi francophone 018H"]
[Site "Skype"]
[Date "????.??.??"]
[Round "9.1"]
[White "Trapletti, Cosetta"]
[Black "Wildt, Gerti"]
[Result "0-1"]
[WhiteElo "1163"]
[BlackElo "1000"]
[PlyCount "76"]

1. d4 Nf6 2. Bf4 g6 3. e3 Bg7 4. c3 O-O 5. Bd3 d6 6. Nf3 b6 7. O-O Bb7 8. Re1
Nbd7 9. e4 e6 10. Nbd2 h6 11. e5 dxe5 12. dxe5 Nd5 13. Bg3 c5 14. c4 Ne7 15.
Ne4 Nxe5 16. Nxe5 f6 17. Nf3 f5 18. Ned2 Bxb2 19. Rb1 Bg7 20. Ne5 a6 21. a4 a5
22. f4 Nc6 23. Nxc6 Bxc6 24. Nf3 Bd4+ 25. Bf2 Bxf2+ 26. Kxf2 Bxf3 27. Qxf3 Rb8
28. Rxe6 Rf6 29. Re3 Qc7 30. Qh3 Kg7 31. Qh4 h5 32. Qg5 Rbf8 33. Rh3 Qd6 34.
Kf1 Qd4 35. Rxh5 Qxd3+ 36. Kf2 Qd4+ 37. Kg3 Rh8 38. Rh4 Qe3# 0-1

[Event "Tournoi francophone 018H"]
[Site "Skype"]
[Date "????.??.??"]
[Round "9.2"]
[White "Cassano, Mariangela"]
[Black "Dida, Brahim"]
[Result "0-1"]
[WhiteElo "1000"]
[BlackElo "1000"]
[PlyCount "58"]

1. d4 d5 2. e3 Bf5 3. Nf3 Nc6 4. Be2 Nb4 5. c3 Nc2+ 6. Qxc2 Bxc2 7. O-O e6 8.
Nbd2 Bd6 9. Ne1 Qh4 10. g3 Qg4 11. Bxg4 Ba4 12. Be2 Nf6 13. Nb1 O-O 14. c4 dxc4
15. Bxc4 a6 16. Nc3 Bc6 17. b3 b5 18. Be2 a5 19. a3 b4 20. Nb1 Ne4 21. Nf3 bxa3
22. Bxa3 Rab8 23. Bb2 a4 24. bxa4 Rxb2 25. Na3 Rxe2 26. Nc4 Nd2 27. Rfd1 Nxf3+
28. Kg2 Nd2+ 29. Kh3 Nxc4 0-1

[Event "Tournoi francophone 018H"]
[Site "Skype"]
[Date "????.??.??"]
[Round "9.3"]
[White "Radice, Marco"]
[Black "Gagnon, Sindy"]
[Result "1-0"]
[WhiteElo "1034"]
[BlackElo "1000"]
[PlyCount "49"]

1. d4 c6 2. Nf3 d5 3. Bf4 e5 4. Bxe5 Nd7 5. Bf4 Be7 6. e3 Ngf6 7. Bd3 O-O 8.
O-O b6 9. Nbd2 Bb7 10. c4 Rc8 11. Rc1 c5 12. cxd5 Bxd5 13. Nc4 Re8 14. Nd6 Rc6
15. Nxe8 Nxe8 16. Bxh7+ Kxh7 17. Qd3+ g6 18. dxc5 bxc5 19. Qxd5 Qb6 20. Qxf7+
Ng7 21. Qxe7 Qxb2 22. Ng5+ Kg8 23. Rb1 Qxa2 24. Qd8+ Nf8 25. Rb8 1-0

[Event "Tournoi francophone 018H"]
[Site "Skype"]
[Date "????.??.??"]
[Round "9.4"]
[White "Pilon, Sabrina"]
[Black "Schnell, Nicolas"]
[Result "1-0"]
[WhiteElo "1000"]
[BlackElo "1043"]
[PlyCount "43"]

1. e4 e5 2. Nf3 Nc6 3. d4 Bb4+ 4. c3 Ba5 5. Be3 d5 6. Nbd2 Qf6 7. exd5 Nce7 8.
dxe5 Qf5 9. Nc4 Bxc3+ 10. bxc3 Qe4 11. d6 Nd5 12. Qd2 c6 13. h3 c5 14. Bd3 Bf5
15. Bxe4 Bxe4 16. Bxc5 Rc8 17. Qd4 Ngf6 18. exf6 Nxf6 19. Bxa7 Bc2 20. Qe5+ Kd7
21. Nb6+ Kc6 22. Nd4# 1-0